| 000 | 01169nam a2200349 a 4500 | ||
|---|---|---|---|
| 001 | 0000261 | ||
| 003 | DO-SdBNP | ||
| 005 | 20180313092909.0 | ||
| 007 | 0000261 | ||
| 008 | 091130s2005 dr a 000 0 spa d | ||
| 020 | _a9580222576 | ||
| 040 |
_aBPMSU _bspa _cBPMSU |
||
| 092 |
_a372.634 _bG633c, 6to. |
||
| 100 | 1 | _aGómez Rosero, Carlos William | |
| 245 | 1 | 0 |
_aCaligrafía básica 6 : _bortografía y valores / _cCarlos William Gómes Rosero ; ilustraciones Marlén Mora Rincón, Luz Patricia Colorado Correa |
| 260 |
_aSanto Domingo : _bGrupo Norma _c2005 |
||
| 300 |
_a 80 p.: _bil. ; _c28 cm. |
||
| 490 | 1 | _aEducativa | |
| 650 | 4 |
_aCALIGRAFÍA _xENSEÑANZA CORRECTIVA |
|
| 650 | 4 |
_aCALIGRAFÍA _xLIBROS DE TEXTO |
|
| 650 | 4 |
_aCALIGRAFÍA _xENSEÑANZA BÁSICA |
|
| 650 | 4 |
_aCALIGRAFÍA _xESTUDIOS Y EJERCICIOS |
|
| 650 | 4 |
_aCALIGRAFÍA _xEDUCACIÓN PRIMARIA |
|
| 650 | 4 |
_aCALIGRAFÍA _zREPÚBLICA DOMINICANA |
|
| 700 | 1 |
_aMora Rincón, Marlén _eil. |
|
| 700 | 1 |
_aColorado Correa, Luz Patricia _eil. |
|
| 830 | 0 | _aEducativa | |
| 910 | _a00144 | ||
| 942 |
_2ddc _cBK |
||
| 945 | _aRemanejado para la Bib. BNPHU, 2018/ YL | ||
| 956 |
_aYLOCKWARD _b10 |
||
| 999 |
_c9651 _d9651 |
||